000
00324nam a2200109Ia 4500
008
200302s9999 xx 000 0 und d
100
_a
Eduardo A Vasconcellos
245
_a
Urban Transport, Environment and Equity The Case for Developing Countries
260
_b
EarthScan Publications Ltd.
260
_c
2005
300
_a
333 P.,
999
_c
2476
_d
2476